[Event "Winterthur SVI"]
[Site "?"]
[Date "2002.10.15"]
[Round "5"]
[White "Miezis Normunds"]
[Black "Ikonnikov Vyacheslav"]
[Result "1/2-1/2"]
[WhiteElo "2510"]
[BlackElo "2527"]
[PlyCount "193"]
[EventDate "2002.??.??"]
[Source "www.chesslib.no"]
[SourceDate "2004.05.04"]

1. c4 e5 2. Nc3 Nf6 3. g3 Bb4 4. Bg2 O-O 5. e4 Bxc3 6. dxc3 d6 7. Qe2 Nbd7 8. Nf3 Nc5 9. Nd2 a5 10. b3 Re8 11. O-O Be6 12. Rd1 Qb8 13. h3 Qa7 14. Ba3 Qa6 15. Rab1 Rab8 16. Kh2 b6 17. Re1 Nfd7 18. Rbd1 f6 19. f4 Bf7 20. f5 g5 21. fxg6 hxg6 22. Nf1 a4 23. b4 Ne6 24. Ne3 Kg7 25. Qg4 Rh8 26. b5 Qa7 27. Rf1 Rbe8 28. Rf2 Qb8 29. Rdf1 Qd8 30. Bc1 Nec5 31. Nf5+ Kf8 32. Bh6+ Kg8 33. Be3 Rh7 34. Nh4 Kg7 35. Nf5+ Kh8 36. Nh6 Kg7 37. Nxf7 Kxf7 38. h4 Kg7 39. Bh3 Rf8 40. Qf3 Rhh8 41. Kg1 Rf7 42. Rh2 Qg8 43. Bg2 Rf8 44. Qe2 Rh7 45. h5 g5 46. Bh3 Rh6 47. Bf5 Kf7 48. Rd1 Ke7 49. Rd5 Ra8 50. Qd1 Qe8 51. g4 Ne6 52. Rhd2 Ndc5 53. Kf2 Qb8 54. Kg3 Qa7 55. Rf2 Rf8 56. Rxc5 Nxc5 57. Bxc5 bxc5 58. Qd5 Re8 59. Qc6 Rd8 60. Qd5 Re8 61. Bg6 Rf8 62. Rb2 Qa5 63. Qd3 Rb8 64. Rb1 Qa8 65. Rd1 Rhh8 66. a3 Rh6 67. Rf1 Rf8 68. Bf5 Rb8 69. Kf2 Rhh8 70. Ke2 Rh6 71. Kd2 Rhh8 72. Bg6 Rbf8 73. Qb1 Qa7 74. Qd3 Qa8 75. Kc2 Rh6 76. Rb1 Rb8 77. Qf3 Qb7 78. Kd3 Qa8 79. Qf5 Qb7 80. Rb2 Rf8 81. Bh7 Rh8 82. Bg6 Rf8 83. Qf1 Rb8 84. Rf2 Rf8 85. Qd1 Rhh8 86. Rf5 Qa8 87. Rf2 Rh6 88. Qb1 Qb7 89. Ke3 Rhh8 90. Bf5 Rb8 91. Qd1 Qa8 92. Rd2 Rh6 93. Bg6 Rhh8 94. Rf2 Rhf8 95. Qb1 Qa7 96. Bf5 Rb6 97. Rb2 1/2-1/2

[Event "Lewkowitz Memorial B"]
[Site "Lewkowitz Memorial B"]
[Date "1994.??.??"]
[Round "?"]
[White "Podkrajsek, Janez"]
[Black "Mooij, Walter Johan"]
[Result "1/2-1/2"]
[WhiteElo "2540"]
[BlackElo "2495"]
[PlyCount "85"]
[EventDate "1994.??.??"]
[Source "www.chesslib.no"]
[SourceDate "2004.05.04"]

1. c4 e5 2. Nc3 Nf6 3. g3 Bb4 4. Bg2 O-O 5. e4 Bxc3 6. bxc3 c6 7. Qb3 Na6 8. Ba3 Re8 9. Ne2 d6 10. O-O Rb8 11. Rfe1 b5 12. d4 Bg4 13. h3 Bxe2 14. Rxe2 b4 15. Bb2 Qa5 16. Rc1 c5 17. dxe5 dxe5 18. f4 Rbd8 19. fxe5 Nd7 20. Rd2 Nxe5 21. Rcd1 Rxd2 22. Rxd2 Qb6 23. cxb4 cxb4+ 24. Bd4 Nc5 25. Qd1 Qc7 26. Kh2 h6 27. Bf2 Re6 28. Rd5 Ncd7 29. c5 Ra6 30. Qe2 Re6 31. Bd4 Nc6 32. Qb5 Rg6 33. e5 Nf6 34. Rd6 Nxd4 35. Rxd4 Qxe5 36. Rd8+ Kh7 37. Qb8 Qxb8 38. Rxb8 Nd7 39. Rc8 Ra6 40. Be4+ g6 41. Bd5 Ra5 42. Rc7 Nxc5 43. Rxf7+ 1/2-1/2

[Event "Lugano"]
[Site "?"]
[Date "1989.??.??"]
[Round "?"]
[White "Boensch, U."]
[Black "Lerner, K."]
[Result "0-1"]
[WhiteElo "2490"]
[BlackElo "2535"]
[PlyCount "80"]
[EventDate "1989.??.??"]
[Source "ChessBase"]
[SourceDate "1989.01.01"]

1. c4 e5 2. Nc3 Nf6 3. g3 Bb4 4. Bg2 O-O 5. e4 Bxc3 6. dxc3 d6 7. Ne2 a6 8. O-O b5 9. cxb5 axb5 10. h3 Bb7 11. Qc2 Nbd7 12. g4 d5 13. Ng3 Qe8 14. f3 Qe6 15. g5 Ne8 16. f4 dxe4 17. Nxe4 Rxa2 18. Rxa2 Qxa2 19. fxe5 Nxe5 20. Rf5 Ng6 21. Rxb5 Bxe4 22. Bxe4 Nd6 23. Rb4 Qe6 24. Bg2 Qe1+ 25. Kh2 Qe5+ 26. Kg1 Re8 27. Qf2 Qe1+ 28. Qf1 Nf5 29. Rg4 Ngh4 30. Bc6 Re6 31. Bd5 c6 32. Bg2 Nxg2 33. Rxg2 g6 34. Bf4 Qe4 35. Kh2 Nh4 36. Rf2 Qd5 37. Qh1 Qd3 38. Bg3 Re3 39. Qf1 Rxg3 40. Rxf7 Qxf1 0-1

[Event "Bochum"]
[Site "Bochum"]
[Date "1981.??.??"]
[Round "?"]
[White "Hort, Vlastimil"]
[Black "Ghinda, Mihail Viorel"]
[Result "1-0"]
[WhiteElo "2575"]
[BlackElo "2450"]
[PlyCount "75"]
[EventDate "1981.03.??"]
[Source "ChessBase"]

1. c4 e5 2. Nc3 Nf6 3. g3 d5 4. cxd5 Nxd5 5. Bg2 Nb6 6. d3 Be7 7. Be3 O-O 8. Rc1 Kh8 9. Qd2 f5 10. h4 Qe8 11. h5 Nc6 12. h6 g6 13. Bxc6 Qxc6 14. Nf3 Bd7 15. b3 Qd6 16. a4 Bc6 17. Nb5 Qd8 18. O-O Bxf3 19. exf3 c6 20. Nc3 Nd5 21. Nxd5 Qxd5 22. f4 exf4 23. Bxf4 Bf6 24. Rc4 Rae8 25. Be3 a6 26. Bc5 Rf7 27. Re1 Rxe1+ 28. Qxe1 Qe5 29. Qxe5 Bxe5 30. Rc2 b6 31. Bxb6 Kg8 32. d4 Bf6 33. Rxc6 Bg5 34. Bc5 Rb7 35. b4 a5 36. bxa5 Rb1+ 37. Kg2 Ra1 38. a6 1-0

[Event "Las Palmas"]
[Site "Las Palmas ESP"]
[Date "1977.??.??"]
[Round "6"]
[White "Garcia Padron, Jose"]
[Black "Timman, Jan H"]
[Result "0-1"]
[WhiteElo "2425"]
[BlackElo "2590"]
[PlyCount "100"]
[EventDate "1977.05.07"]
[Source "www.chesslib.no"]
[SourceDate "2004.05.04"]

1. c4 e5 2. Nc3 Nf6 3. g3 Bb4 4. Bg2 O-O 5. Nf3 Re8 6. O-O e4 7. Ng5 Bxc3 8. dxc3 h6 9. Nh3 d6 10. Nf4 Bf5 11. Be3 Nbd7 12. Nd5 a5 13. Bd4 Nxd5 14. cxd5 Qg5 15. h3 h5 16. Qc1 Qg6 17. c4 c5 18. dxc6 bxc6 19. Qc3 c5 20. Be3 Qe6 21. Kh2 Ne5 22. b3 a4 23. Rfd1 Ra6 24. Rd5 Nc6 25. Rad1 Nb4 26. R5d2 a3 27. Bf4 Rd8 28. Be3 Rb8 29. Bf4 Rd8 30. Be3 Qc8 31. Bf4 Qc7 32. Qe3 Bg6 33. g4 hxg4 34. hxg4 Qe7 35. Qg3 Rd7 36. Bxd6 Qd8 37. Bf4 Raa7 38. Qe3 Nxa2 39. Qxc5 Nc3 40. Rxd7 Rxd7 41. Rxd7 Qxd7 42. Qxa3 Qxg4 43. Bd2 Qh5+ 44. Kg1 Nxe2+ 45. Kf1 Nf4 46. Qa2 Qd1+ 47. Be1 Nxg2 48. Kxg2 Qxe1 49. Qa8+ Kh7 50. Qd8 f6 0-1

[Event "CZE-ch"]
[Site "Karlovy Vary"]
[Date "2004.02.19"]
[Round "3"]
[White "Voloshin, Leonid"]
[Black "Polak, Tomas"]
[Result "1/2-1/2"]
[WhiteElo "2522"]
[BlackElo "2490"]
[PlyCount "23"]
[EventDate "2004.02.17"]
[Source "ChessBase"]
[SourceDate "2004.06.01"]

1. c4 e5 2. Nc3 Nf6 3. g3 Bb4 4. Bg2 O-O 5. Nf3 Re8 6. O-O Nc6 7. Nd5 Bc5 8. d3 h6 9. Nd2 d6 10. e3 Nxd5 11. cxd5 Ne7 12. Nb3 1/2-1/2

[Event "Catania Open"]
[Site "Catania"]
[Date "1995.??.??"]
[Round "9"]
[White "Conquest, Stuart"]
[Black "Garcia Palermo, Carlos H"]
[Result "1-0"]
[WhiteElo "2520"]
[BlackElo "2490"]
[PlyCount "57"]
[EventDate "1995.08.??"]
[Source "www.chesslib.no"]
[SourceDate "2004.05.04"]

1. c4 e5 2. Nc3 Nf6 3. g3 Bb4 4. Bg2 O-O 5. e4 d6 6. Nge2 Nc6 7. O-O a6 8. d3 Bc5 9. h3 Rb8 10. Kh2 b5 11. Rb1 h6 12. a3 Ba7 13. b4 Bd7 14. Bd2 Nh7 15. Rc1 Ne7 16. Nd5 c6 17. Nxe7+ Qxe7 18. f4 f5 19. cxb5 axb5 20. exf5 Bxf5 21. Rxc6 Bxd3 22. Qb3+ Bc4 23. Bd5+ Bxd5 24. Qxd5+ Kh8 25. Qxd6 Qb7 26. Rc7 Qe4 27. Nc3 Qc2 28. Nxb5 Qa4 29. Qd7 1-0

[Event "Troll Masters"]
[Site "Gausdal"]
[Date "1996.??.??"]
[Round "3"]
[White "Sokolovs, Andrei"]
[Black "Gausel, Einar"]
[Result "1/2-1/2"]
[WhiteElo "2495"]
[BlackElo "2515"]
[PlyCount "100"]
[EventDate "1996.??.??"]
[Source "ChessBase"]

1. c4 e5 2. Nc3 Nf6 3. g3 Bb4 4. Bg2 O-O 5. e4 d6 6. Nge2 Nc6 7. O-O Bc5 8. d3 Nd4 9. h3 Nd7 10. Nxd4 Bxd4 11. Ne2 Bb6 12. Kh2 a5 13. f4 exf4 14. Bxf4 Nc5 15. d4 Ne6 16. Be3 Re8 17. Qd2 c5 18. d5 Nf8 19. Nf4 Nd7 20. Nh5 Re5 21. g4 Qe8 22. Rf2 Bd8 23. Raf1 g6 24. Ng3 a4 25. Bh6 Be7 26. Qf4 Bf8 27. Bxf8 Qxf8 28. Qxf7+ Qxf7 29. Rxf7 b5 30. cxb5 Rb8 31. R7f2 Rxb5 32. Rc2 Re7 33. Ne2 Ne5 34. Nc3 Ra5 35. Rf6 Rd7 36. Bf1 c4 37. a3 Rd8 38. Kg3 g5 39. Na2 Kg7 40. Rff2 Rc5 41. Nb4 Bd7 42. Rc3 Rf8 43. Rxf8 Kxf8 44. Kf2 Kg7 45. Ke3 h5 46. gxh5 Kh6 47. Nc2 Kxh5 48. Nd4 Kh4 49. Nf3+ Nxf3 50. Kxf3 Rc8 1/2-1/2

[Event "Chigorin Mem Open, St Petersburg RUS"]
[Site "?"]
[Date "2001.??.??"]
[Round "6"]
[White "Vaulin, A."]
[Black "Gavrilov, Al"]
[Result "1/2-1/2"]
[WhiteElo "2545"]
[BlackElo "2460"]
[PlyCount "64"]
[EventDate "2001.??.??"]
[Source "www.chesslib.no"]
[SourceDate "2004.05.04"]

1. c4 e5 2. Nc3 Nf6 3. g3 Bb4 4. Nf3 Bxc3 5. bxc3 e4 6. Nd4 O-O 7. Bg2 d5 8. Ba3 Re8 9. cxd5 Qxd5 10. Qb3 Qh5 11. h3 b6 12. c4 Nbd7 13. Nb5 a6 14. Nc3 Nc5 15. Bxc5 Qxc5 16. O-O Bf5 17. Nd5 Nxd5 18. cxd5 Rad8 19. Rfc1 Qd4 20. e3 Qe5 21. Rc3 Re7 22. Qa3 a5 23. Rac1 h5 24. Rc4 Rdd7 25. Rd4 Rd6 26. Rcc4 Rxd5 27. g4 hxg4 28. hxg4 Bg6 29. Rxd5 Qxd5 30. Qxe7 Qxc4 31. Qd8+ Kh7 32. Qh4+ Kg8 1/2-1/2

[Event "Ch (Men) Brno CZE"]
[Site "?"]
[Date "2006.02.10"]
[Round "4"]
[White "Voloshin Leonid"]
[Black "Laznicka Viktor"]
[Result "1/2-1/2"]
[WhiteElo "2466"]
[BlackElo "2525"]
[PlyCount "34"]
[EventDate "2006.??.??"]
[Source "www.chesslib.no"]
[SourceDate "2004.05.04"]

1. c4 e5 2. Nc3 Nf6 3. g3 Bb4 4. Bg2 O-O 5. e4 Nc6 6. Nge2 Bc5 7. O-O d6 8. d3 Bg4 9. h3 Bxe2 10. Nxe2 Nd4 11. Kh2 c6 12. f4 Nd7 13. f5 f6 14. h4 b5 15. g4 Nxe2 16. Qxe2 a5 17. Rf3 Qe7 1/2-1/2

[Event "It (open)"]
[Site "Banska Stiavnica (Slovakia)"]
[Date "2007.07.11"]
[Round "5"]
[White "Ardelean George Catalin (ROM)"]
[Black "Nanu Ciprian-Costica (ROM)"]
[Result "1/2-1/2"]
[WhiteElo "2482"]
[BlackElo "2507"]
[PlyCount "41"]
[EventDate "2007.??.??"]
[Source "www.chesslib.no"]
[SourceDate "2004.05.04"]

1. c4 e5 2. Nc3 Nf6 3. g3 Bc5 4. Bg2 O-O 5. d3 Re8 6. Nf3 h6 7. O-O Bf8 8. a3 c6 9. e4 d5 10. h3 dxc4 11. dxc4 Qxd1 12. Rxd1 Nbd7 13. b4 a5 14. Rb1 axb4 15. axb4 Nb6 16. c5 Na4 17. Nxa4 Rxa4 18. Ne1 Be6 19. Nd3 Nd7 20. Bb2 f6 21. Ra1 1/2-1/2

[Event "London"]
[Site "?"]
[Date "1993.??.??"]
[Round "?"]
[White "Budnikov, A."]
[Black "Naumkin, I."]
[Result "0-1"]
[WhiteElo "2535"]
[BlackElo "2450"]
[PlyCount "84"]
[EventDate "1993.??.??"]
[Source "ChessBase"]
[SourceDate "1993.06.01"]

1. c4 e5 2. Nc3 Nf6 3. g3 Bb4 4. Bg2 O-O 5. e4 Bxc3 6. bxc3 c6 7. Ne2 d5 8. cxd5 cxd5 9. exd5 Nxd5 10. O-O Nc6 11. Rb1 Rb8 12. Ba3 Re8 13. Rb5 Be6 14. Qb1 Qd7 15. Re1 a6 16. Rb2 b5 17. d3 Bf5 18. Qd1 Bh3 19. Bh1 Bg4 20. Qd2 Rbd8 21. Bc5 Qf5 22. f3 Bh3 23. Rd1 h5 24. Bf2 Qg6 25. a4 Bf5 26. axb5 axb5 27. d4 Na5 28. Rxb5 Nc4 29. Qa2 Bd3 30. Ra1 Ncb6 31. Ra5 Bxe2 32. Qxe2 Nxc3 33. Qb2 exd4 34. Ra6 Re6 35. Bg2 Nc4 36. Qb7 d3 37. Qc7 Qf6 38. Qxc4 d2 39. Rxe6 Ne2+ 40. Qxe2 Qxa1+ 41. Bf1 fxe6 42. Qxe6+ Kh8 0-1

[Event "Memorial Rey Ardid. IberCaja 2004"]
[Site "Zaragoza"]
[Date "2004.04.16"]
[Round "7.2"]
[White "Pogorelov, Ruslan"]
[Black "Korneev, Oleg"]
[Result "1/2-1/2"]
[WhiteElo "2412"]
[BlackElo "2573"]
[PlyCount "72"]
[EventDate "2004.04.11"]
[Source "Roberto Alvarez"]
[SourceDate "2004.05.03"]

1. c4 e5 2. Nc3 Nf6 3. g3 Bb4 4. Bg2 O-O 5. e4 Bxc3 6. dxc3 d6 7. Qe2 Be6 8. Nf3 h6 9. O-O Nbd7 10. Nd2 Re8 11. Rd1 a5 12. Nf1 Nc5 13. f3 a4 14. Be3 b6 15. Bf2 Rb8 16. Ne3 Kh8 17. Nd5 Nxd5 18. cxd5 Bc8 19. Qc2 Ra8 20. b4 axb3 21. axb3 Bd7 22. Rxa8 Qxa8 23. Qb2 f5 24. b4 Na4 25. Qc2 fxe4 26. fxe4 b5 27. Ra1 Qb7 28. c4 bxc4 29. Qxc4 Rb8 30. Rb1 Bb5 31. Qc2 Nb6 32. h4 Ra8 33. Rc1 Ra7 34. Kh2 Bd7 35. Be3 Qa8 36. Qf2 Qd8 1/2-1/2

[Event "Open Dutch Championship"]
[Site "?"]
[Date "2005.08.04"]
[Round "9"]
[White "Miezis Normunds"]
[Black "Jonkman Harmen"]
[Result "1-0"]
[WhiteElo "2527"]
[BlackElo "2454"]
[PlyCount "81"]
[EventDate "2005.??.??"]
[Source "www.chesslib.no"]
[SourceDate "2004.05.04"]

1. c4 e5 2. Nc3 Nf6 3. g3 Bb4 4. Bg2 O-O 5. e4 Bxc3 6. dxc3 a6 7. Qe2 b5 8. Nf3 d6 9. O-O Nbd7 10. Rd1 Rb8 11. b4 bxc4 12. Qxc4 Nb6 13. Qd3 Qe8 14. c4 Qa4 15. Bd2 Re8 16. Rdc1 Bb7 17. Nh4 Nfd7 18. Nf5 Nc8 19. c5 dxc5 20. bxc5 Ne7 21. Nxe7+ Rxe7 22. Rab1 Bc6 23. Rxb8+ Nxb8 24. Qd8+ Re8 25. Qxc7 Qxa2 26. Qa5 Qe6 27. Qb6 Qd7 28. Be3 Bb5 29. Qd6 Qc8 30. c6 Nxc6 31. f4 Qb7 32. fxe5 Nxe5 33. Rc7 Qb8 34. Bd4 Ng6 35. e5 Rd8 36. Qc5 Bd7 37. Bf1 Be6 38. Rc6 Qb1 39. Qb6 Qxb6 40. Bxb6 Nxe5 41. Rxe6 1-0

[Event "Elgoibar"]
[Site "Elgoibar ESP"]
[Date "1995.??.??"]
[Round "7"]
[White "Miezis, Normunds"]
[Black "Kosten, Anthony C"]
[Result "0-1"]
[WhiteElo "2435"]
[BlackElo "2540"]
[PlyCount "80"]
[EventDate "1995.11.??"]
[Source "www.chesslib.no"]
[SourceDate "2004.05.04"]

1. c4 e5 2. Nc3 Nf6 3. g3 Bb4 4. Bg2 O-O 5. e4 Bxc3 6. bxc3 c6 7. Ba3 d6 8. Ne2 Re8 9. Qb3 a6 10. c5 dxc5 11. Bxc5 b5 12. Rd1 Be6 13. Qa3 Nbd7 14. Bd6 Qb6 15. f4 Ng4 16. Rf1 Nxh2 17. fxe5 Nxf1 18. Kxf1 c5 19. d4 Rac8 20. Qb2 cxd4 21. cxd4 f6 22. Bf3 fxe5 23. dxe5 Qe3 24. Kg2 Bh3+ 25. Kxh3 Qxf3 26. Qb3+ Qxb3 27. axb3 Nxe5 28. Bxe5 Rxe5 29. Rd4 Rce8 30. Nc3 a5 31. b4 Rc8 32. Nd5 a4 33. Kg4 Rc4 34. Rxc4 bxc4 35. Nc3 a3 36. Kf4 Rb5 37. Na2 g5+ 38. Ke3 h5 39. Kd4 h4 40. gxh4 gxh4 0-1

[Event "Fajr op 2th"]
[Site "?"]
[Date "1992.??.??"]
[Round "6"]
[White "Spassky Boris V"]
[Black "Khachian Melikset"]
[Result "1/2-1/2"]
[WhiteElo "2545"]
[BlackElo "2430"]
[PlyCount "120"]
[EventDate "1992.??.??"]
[Source "www.chesslib.no"]
[SourceDate "2004.05.04"]

1. c4 e5 2. Nc3 Nf6 3. g3 d5 4. cxd5 Nxd5 5. Bg2 Nb6 6. d3 Be7 7. f4 exf4 8. Bxf4 Nc6 9. Nf3 Be6 10. O-O O-O 11. Rc1 Rc8 12. a3 Bf6 13. Qd2 Na5 14. Rb1 Nb3 15. Qe1 Nd5 16. Ne4 Nxf4 17. gxf4 Be7 18. Neg5 Bd5 19. e4 Bc6 20. Qc3 Nc5 21. Ne5 Na4 22. Qc2 Qd4+ 23. Kh1 Bxg5 24. Nxc6 bxc6 25. fxg5 Nc5 26. Rf3 Rcd8 27. Bf1 Rd6 28. Rc1 Ne6 29. Qg2 g6 30. h4 c5 31. Rc2 Qe5 32. Rcf2 Rd7 33. Qg1 c4 34. Qh2 Qd4 35. Rc2 cxd3 36. Bxd3 Rfd8 37. Rc3 Qa4 38. Qe2 Qa5 39. Qf2 Qe5 40. Qe3 c5 41. Rf2 Rd4 42. Qf3 R8d7 43. Kg1 a5 44. Bb5 Re7 45. Bc6 Rd6 46. Bd5 Nd4 47. Qg2 Rc6 48. Qg3 Qxg3+ 49. Rxg3 Kg7 50. Re3 Rb6 51. Kg2 Ne6 52. Ref3 h6 53. gxh6+ Kxh6 54. Rxf7 Rxf7 55. Rxf7 Rxb2+ 56. Kg3 Ng7 57. Ra7 Nh5+ 58. Kf3 Rh2 59. Rxa5 Rh3+ 60. Kg2 Nf4+ 1/2-1/2

[Event "Espace Charenton"]
[Site "?"]
[Date "2005.07.14"]
[Round "5"]
[White "Serafimov Tervel"]
[Black "Shchekachev Andrei"]
[Result "0-1"]
[WhiteElo "2405"]
[BlackElo "2570"]
[PlyCount "108"]
[EventDate "2005.??.??"]
[Source "www.chesslib.no"]
[SourceDate "2004.05.04"]

1. c4 e5 2. Nc3 Nf6 3. g3 Bb4 4. Bg2 O-O 5. e4 Bxc3 6. bxc3 c6 7. Ba3 Re8 8. Bd6 Re6 9. c5 b6 10. Ne2 bxc5 11. Bxc5 Ba6 12. d3 d5 13. exd5 cxd5 14. O-O Nbd7 15. Be3 Bb5 16. a4 Bc6 17. a5 a6 18. h3 Rb8 19. Qd2 h6 20. Rfc1 Rb3 21. Qa2 Rb7 22. Rab1 Rxb1 23. Rxb1 d4 24. cxd4 Bxg2 25. Kxg2 Qa8+ 26. Kh2 Nd5 27. Bd2 Nc7 28. Be3 Nd5 29. Bd2 Rf6 30. Be1 Nc7 31. Qc4 Rc6 32. Qb3 Nb5 33. dxe5 Nxe5 34. Qd5 Qe8 35. Rc1 Rd6 36. Qb7 Nxd3 37. Rc8 Rd8 38. Rxd8 Qxd8 39. Bc3 Nxf2 40. Qxa6 Qd5 41. Qc8+ Kh7 42. Kg1 Nd6 43. Qf8 Nxh3+ 44. Kh2 f6 45. a6 Nf2 46. Kg1 Nde4 47. Bd4 Qh5 48. Bxf2 Qxe2 49. Bc5 Ng5 50. Bf2 Nh3+ 51. Kg2 Nxf2 52. a7 Ne4+ 53. Kh3 Ng5+ 54. Kh4 Qh2+ 0-1

[Event "Werfen op-A"]
[Site "?"]
[Date "1996.??.??"]
[Round "6"]
[White "Miezis Normunds"]
[Black "Mikac Matjaz"]
[Result "1-0"]
[WhiteElo "2530"]
[BlackElo "2440"]
[PlyCount "65"]
[EventDate "1996.??.??"]
[Source "www.chesslib.no"]
[SourceDate "2004.05.04"]

1. c4 e5 2. Nc3 Nf6 3. g3 Bb4 4. Bg2 O-O 5. e4 Bxc3 6. dxc3 d6 7. Qc2 Nbd7 8. Nf3 Nc5 9. Nh4 a5 10. O-O a4 11. Be3 Be6 12. Rad1 Qc8 13. b3 axb3 14. axb3 Re8 15. Rfe1 Ra3 16. Bxc5 dxc5 17. f4 Qa8 18. Rd2 Ra1 19. Rxa1 Qxa1+ 20. Rd1 Qa3 21. h3 h6 22. Nf3 exf4 23. gxf4 Nh5 24. f5 Bc8 25. e5 b6 26. Nh4 Nf4 27. Kh2 Qa6 28. Rg1 Rxe5 29. Qd2 Nh5 30. Qd8+ Kh7 31. Ng6 Rxf5 32. Ne7 Nf6 33. Be4 1-0

[Event "Geneve op"]
[Site "Geneve"]
[Date "1999.01.29"]
[Round "7"]
[White "Miezis, Normunds"]
[Black "Kohlweyer, Bernd"]
[Result "0-1"]
[WhiteElo "2525"]
[BlackElo "2445"]
[PlyCount "146"]
[EventDate "1999.01.23"]
[Source "ChessBase"]
[SourceDate "1999.03.01"]

1. c4 e5 2. Nc3 Nf6 3. g3 Bb4 4. Bg2 O-O 5. e4 Bxc3 6. dxc3 d6 7. Qc2 a6 8. a4 Be6 9. b3 Nbd7 10. a5 b5 11. axb6 cxb6 12. Nf3 b5 13. cxb5 axb5 14. Rxa8 Qxa8 15. Ng5 Nc5 16. Nxe6 Nxe6 17. O-O Rc8 18. Be3 h6 19. Rc1 Nc5 20. f3 Qa3 21. Rb1 d5 22. exd5 Nxd5 23. Bd2 Ne6 24. Kh1 Nxc3 25. Bxc3 Qc5 26. Qd3 Qxc3 27. Qxb5 Nc5 28. Qc4 Nxb3 29. Qxb3 Qxb3 30. Rxb3 Rc1+ 31. Bf1 Rxf1+ 32. Kg2 Rd1 33. Rb2 Rd4 34. Kf2 Kh7 35. Ke3 Ra4 36. h4 h5 37. Rb5 f6 38. Rb7 Ra2 39. Rb4 Rg2 40. g4 Kg6 41. Re4 hxg4 42. fxg4 Rh2 43. h5+ Kg5 44. Rb4 Rh3+ 45. Kf2 Rd3 46. Rb7 Kxg4 47. Rxg7+ Kxh5 48. Ke2 Rd4 49. Kf3 Rf4+ 50. Kg3 Rf5 51. Ra7 Kg6 52. Ra1 Rf4 53. Rg1 Kg5 54. Ra1 Rb4 55. Kf3 f5 56. Ra3 f4 57. Ra5 Kf5 58. Rc5 Rb3+ 59. Kf2 Ke4 60. Rc2 Rh3 61. Rc4+ Kd5 62. Rc8 Ra3 63. Rb8 Rc3 64. Rd8+ Ke4 65. Rd2 Rh3 66. Re2+ Kf5 67. Kf1 e4 68. Ra2 Rb3 69. Ra4 Rb1+ 70. Kf2 Rb2+ 71. Kf1 e3 72. Ra3 Kg4 73. Kg1 Rb1+ 0-1

[Event "Team Ch 2004"]
[Site "Gaia"]
[Date "2004.08.03"]
[Round "2.32"]
[White "Hoffman, Alejandro"]
[Black "Moreno Carnero, Javier"]
[Result "0-1"]
[WhiteElo "2455"]
[BlackElo "2507"]
[PlyCount "52"]
[EventDate "2004.08.02"]
[Source "Roberto Alvarez"]
[SourceDate "2004.10.05"]

1. c4 e5 2. Nc3 Nf6 3. g3 Bb4 4. Bg2 O-O 5. e4 Bxc3 6. dxc3 d6 7. Ne2 a6 8. a4 Be6 9. b3 Nbd7 10. Qc2 Nc5 11. Be3 Ng4 12. Bxc5 dxc5 13. h3 Nh6 14. O-O f6 15. f4 Nf7 16. f5 Bd7 17. g4 Qe7 18. Ng3 a5 19. h4 Rad8 20. Rf2 h6 21. Nf1 Bc8 22. Ne3 c6 23. Bf1 Rd6 24. Rh2 Rfd8 25. Re2 Bd7 26. Qc1 Bc8 0-1

[Event "Elista ol (Men)"]
[Site "Elista"]
[Date "1998.10.10"]
[Round "11"]
[White "Miezis, Normunds"]
[Black "Kulaots, Kaido"]
[Result "1-0"]
[WhiteElo "2515"]
[BlackElo "2445"]
[PlyCount "105"]
[EventDate "1998.09.29"]
[Source "ChessBase"]
[SourceDate "1998.11.06"]

1. c4 e5 2. Nc3 Nf6 3. g3 Bb4 4. Bg2 O-O 5. e4 Bxc3 6. dxc3 d6 7. Qc2 Be6 8. b3 Nbd7 9. Nf3 Nc5 10. Nh4 Qd7 11. Bg5 Ne8 12. h3 a6 13. Rd1 b5 14. Be3 Qc6 15. cxb5 axb5 16. O-O Nf6 17. Nf5 Rfe8 18. Nd4 exd4 19. cxd4 Nfxe4 20. dxc5 d5 21. g4 b4 22. Rd4 Reb8 23. Ra1 Ra3 24. Rad1 Nc3 25. Rxb4 Rxb4 26. Qxc3 Rb8 27. Bd4 f6 28. g5 Rxa2 29. gxf6 Ra3 30. Qg3 Qd7 31. Rd3 Re8 32. Re3 c6 33. h4 Raa8 34. Re5 g6 35. h5 Kf7 36. Qg5 Bf5 37. Qh6 Rxe5 38. Bxe5 Ke6 39. Bd4 Qf7 40. Qf4 Qd7 41. b4 Re8 42. Bf3 Kf7 43. Qh6 Ke6 44. b5 cxb5 45. f7 Qxf7 46. Qf4 Kd7 47. Qd6+ Kc8 48. Qc6+ Kb8 49. Qxb5+ Kc7 50. c6 Kc8 51. Qa6+ Kd8 52. Qa8+ Bc8 53. Qa5+ 1-0

[Event "Leningrad Ch"]
[Site "Leningrad RUS"]
[Date "1977.??.??"]
[Round "?"]
[White "Karasev, Vladimir I"]
[Black "Faibisovich, Vadim Z"]
[Result "0-1"]
[WhiteElo "2515"]
[BlackElo "2440"]
[PlyCount "112"]
[EventDate "1977.??.??"]
[Source "www.chesslib.no"]
[SourceDate "2004.05.04"]

1. c4 e5 2. Nc3 Nf6 3. g3 Bb4 4. Bg2 O-O 5. e4 d6 6. Nge2 Nc6 7. O-O Bc5 8. d3 Nd4 9. h3 c6 10. Kh2 Nxe2 11. Qxe2 Ne8 12. f4 exf4 13. gxf4 f5 14. Be3 Bxe3 15. Qxe3 Be6 16. b3 Nc7 17. Rad1 Qd7 18. e5 b6 19. Rg1 Rae8 20. d4 d5 21. Rd2 Bf7 22. Qg3 Be6 23. Bf3 Re7 24. Qh4 Qd8 25. cxd5 cxd5 26. Rdg2 Kh8 27. Rg5 Rd7 28. Qe1 Rff7 29. Bh5 Rf8 30. Nd1 g6 31. Be2 Bf7 32. R5g3 Ne6 33. Qd2 Qh4 34. Rf1 g5 35. fxg5 Qxd4 36. Qxd4 Nxd4 37. Bd3 Bg6 38. Re3 f4 39. Bxg6 fxe3 40. Rxf8+ Kg7 41. Nxe3 Kxf8 42. Bh5 Re7 43. Nxd5 Rxe5 44. Nf6 Kg7 45. Ne8+ Kh8 46. h4 Nf5 47. Bg4 Rxe8 48. Bxf5 Re2+ 49. Kg3 Rxa2 50. h5 Rb2 51. Be6 a5 52. Kf4 b5 53. Ke5 a4 54. bxa4 bxa4 55. Kf6 Rf2+ 56. Ke7 a3 0-1

[Event "Elgoibar"]
[Site "Elgoibar ESP"]
[Date "1995.??.??"]
[Round "9"]
[White "Miezis, Normunds"]
[Black "Ubilava, Elizbar E"]
[Result "1-0"]
[WhiteElo "2435"]
[BlackElo "2520"]
[PlyCount "83"]
[EventDate "1995.11.??"]
[Source "www.chesslib.no"]
[SourceDate "2004.05.04"]

1. c4 e5 2. Nc3 Nf6 3. g3 Bb4 4. Bg2 O-O 5. e4 Bxc3 6. bxc3 Re8 7. Ne2 c6 8. Qb3 Na6 9. Ba3 d6 10. O-O Nc5 11. Qc2 b5 12. cxb5 cxb5 13. Rad1 Bb7 14. f3 Qb6 15. Kh1 Rac8 16. d3 d5 17. Bc1 b4 18. exd5 Nxd5 19. c4 Ne6 20. Qb2 Ne7 21. Qxe5 Nc6 22. Qb2 Ned4 23. Nf4 Ne7 24. Bd2 Nef5 25. Bxb4 Qh6 26. Kg1 g5 27. Bc3 gxf4 28. Bxd4 fxg3 29. hxg3 Nxg3 30. Rfe1 Nf5 31. Bf2 Bc6 32. Qd2 Qg6 33. Qf4 Kh8 34. Kf1 Rg8 35. Bh3 Bd7 36. Bg4 h5 37. Qh2 Rc6 38. Qxh5+ Qxh5 39. Bxh5 Rh6 40. Bg4 Be6 41. Re5 Rh1+ 42. Ke2 1-0

[Event "ch-ROU"]
[Site "Cluj ROU"]
[Date "2008.02.27"]
[Round "4"]
[White "Jianu, V."]
[Black "Grunberg, M."]
[Result "1/2-1/2"]
[WhiteElo "2530"]
[BlackElo "2424"]
[PlyCount "31"]
[EventDate "2008.02.25"]
[Source "www.chesslib.no"]
[SourceDate "2004.05.04"]

1. c4 e5 2. Nc3 Nf6 3. g3 Bc5 4. Bg2 O-O 5. e3 d6 6. Nge2 a6 7. O-O Nc6 8. a3 Ba7 9. b4 Bf5 10. d3 Qd7 11. Nd5 Nxd5 12. cxd5 Ne7 13. Bb2 Bh3 14. Qb3 Bxg2 15. Kxg2 c6 16. dxc6 1/2-1/2

[Event "4 Open"]
[Site "Lido Estensi"]
[Date "2003.06.13"]
[Round "7"]
[White "Bukal, Vladimir Sr"]
[Black "Kogan, Artur"]
[Result "0-1"]
[WhiteElo "2414"]
[BlackElo "2539"]
[PlyCount "62"]
[EventDate "2003.06.06"]
[Source "Roberto Alvarez"]
[SourceDate "2003.06.23"]

1. c4 e5 2. Nc3 Nf6 3. g3 Bb4 4. Bg2 O-O 5. Nd5 Nxd5 6. cxd5 d6 7. e3 c5 8. dxc6 bxc6 9. Ne2 d5 10. O-O Ba6 11. d4 exd4 12. exd4 Re8 13. Be3 Nd7 14. Rc1 Qb6 15. Qc2 Nf6 16. Bf3 Rac8 17. Rfd1 h5 18. h3 h4 19. g4 Ne4 20. Nf4 Bd6 21. Nd3 Bxd3 22. Rxd3 Bb8 23. g5 Qc7 24. Bg4 Qh2+ 25. Kf1 Rc7 26. f3 Ng3+ 27. Ke1 Qg1+ 28. Kd2 Qg2+ 29. Ke1 Qf1+ 30. Kd2 Qe2+ 31. Kc3 Rxe3 0-1